LEADER 01219nam a2200289 i 4500 001 991001977809707536 005 20020507154800.0 008 990721s1998 it ||| | ita 020 $a8814070296 035 $ab11591511-39ule_inst 035 $aLE02728394$9ExL 040 $aDip.to Studi Giuridici$bita 082 0 $a342.450202643 084 $aC-XXI/A 110 2 $aItalia :$bCorte costituzionale$0257747 245 10$aGiurisprudenza della Corte costituzionale italiana :$bdecisioni e orientamenti fondamentali, 1985-1996 /$ccon presentazione di Renato Granata ; introduzione di Mauro Ferri ; coordinamento di Enzo Cheli ; a cura di G. Amoroso ... [et al.] 260 $aMilano :$bA. Giuffrè,$c1998 300 $axviii, 1194 p. ;$c25 cm. 650 4$aGiurisprudenza costituzionale$zItalia$y1985-1996 700 1 $aAmoroso, Giovanni 700 1 $aCheli, Enzo 907 $a.b11591511$b02-04-14$c02-07-02 912 $a991001977809707536 945 $aLE027 342.02 AMO02.01$g1$i2027000250837$lle027$o-$pE0.00$q-$rl$s- $t0$u0$v0$w0$x0$y.i11801591$z02-07-02 996 $aGiurisprudenza della Corte costituzionale italiana$9578964 997 $aUNISALENTO 998 $ale027$b01-01-99$cm$da $e-$fita$git $h0$i1 LEADER 01222nam a2200349 i 4500 001 991001160319707536 005 20020507184341.0 008 980428s1993 de ||| | eng 020 $a3540568786 035 $ab10809089-39ule_inst 035 $aLE01307986$9ExL 040 $aDip.to Matematica$beng 082 0 $a515.45 084 $aAMS 35Q60 084 $aAMS 45-02 084 $aAMS 45L10 084 $aAMS 45M05 084 $aAMS 65R20 084 $aQA3.L28 100 1 $aVainikko, Gennadi$060106 245 10$aMultidimensional weakly singular integral equations /$cGennadi Vainikko 260 $aBerlin :$bSpringer-Verlag,$cc1993 300 $axi, 158 p. :$bill. ;$c24 cm. 490 0 $aLecture notes in mathematics,$x0075-8434 ;$v1549 500 $aIncludes bibliographical references and index 650 4$aIntegral equations-asymptotic theory 907 $a.b10809089$b23-02-17$c28-06-02 912 $a991001160319707536 945 $aLE013 45-XX VAI11 (1993)$g1$i2013000098517$lle013$o-$pE0.00$q-$rl$s- $t0$u0$v0$w0$x0$y.i10914298$z28-06-02 996 $aMultidimensional weakly singular integral equations$978681 997 $aUNISALENTO 998 $ale013$b01-01-98$cm$da $e-$feng$gde $h0$i1